Κατάλογος Βιβλιοθηκών Mediterranean College

Toward the Year 2000 / Work in Progress (Record no. 5306)

MARC details
000 -LEADER
fixed length control field 01237cam a22002054a 4500
005 - ΗΜΕΡΟΜΗΝΙΑ ΚΑΙ ΩΡΑ ΤΕΛΕΥΤΑΙΑΣ ΕΝΗΜΕΡΩΣΗΣ
Πεδίο ελέγχου 20250605164209.0
008 - FIXED-LENGTH DATA ELEMENTS--GENERAL INFORMATION
Πεδίο ελέγχου σταθερού μήκους 250528s ||||||||||||||||||||||||d
035 ## - SYSTEM CONTROL NUMBER
System control number 20168
020 ## - ISBN
ISBN 6817173
040 ## - ΠΗΓΗ ΚΑΤΑΛΟΓΟΓΡΑΦΗΣΗΣ
Φορέας πρωτότυπης καταλογογράφησης MC Athens Campus Library
Γλώσσα καταλογογράφησης Ελληνικά, Μοντέρνα (1453-)
Modifying agency MC Athens Campus Library
Κανόνες περιγραφικής καταλογογράφησης AACR2
245 1# - ΤΙΤΛΟΣ ΚΑΙ ΔΗΛΩΣΗ ΥΠΕΥΘΥΝΟΤΗΤΑΣ
Τίτλος Toward the Year 2000 / Work in Progress
250 ## - EDITION STATEMENT
Edition statement 2nd
260 ## - PUBLICATION, DISTRIBUTION, ETC.
Name of publisher, distributor, etc. Houghton Mifflin Company,
Date of publication, distribution, etc. 1968
300 ## - PHYSICAL DESCRIPTION
Extent 404
520 ## - SUMMARY, ETC.
Summary, etc. Preface, The Year 2000 - The Trajectory of an Idea, Baselines for the Future, Alternative Futures, The Needs for Models, Some Specific Problems, Can Social Prediction Be Evaluated?, Forecasting and Technological Forecasting, Modernizing Urban Development, The Need for a Political New Theory, Educational and Scientific Institutions, Biological Man and the Year 2000, Religion and Mysticism and the Institutional Church, Memorandum on Youth, The Problems of Privacy in the Year 2000, Some Psychological Perspectives on the Year 2000, Notes on Meritocracy, Violence, Communication, The Nature and Limitations of Forecasting, The Need for Normative Statements, The Working Parties, Coda: Work in Further Progress, Notes on Contributors, Index.
700 1# - ΠΡΟΣΘΕΤΗ ΑΝΑΓΡΑΦΗ--ΦΥΣΙΚΟ ΠΡΟΣΩΠΟ
Personal name Bell Daniel
9 (RLIN) 6220
942 ## - ADDED ENTRY ELEMENTS (KOHA)
Koha item type Books
Holdings
Τύπος τεκμηρίου Βιβλιοθήκη Τρέχουσα τοποθεσία Barcode Αριθμός εισαγωγής Ημερομηνία απόκτησης Ταξιθετικό σύμβολο Αριθμός αντιτύπου Κατάσταση απόσυρσης Κατάσταση χαμένου Κατάσταση κατεστραμμένου Μη δανεισμός Σύνολο δανεισμών Ημερομηνία τελευταίας εμφάνισης Η τιμή ισχύει από
Books MC Athens Campus Library MC Athens Campus Library 9780000053053 6410 05/06/2025 303.4973 BEL V.11 1           05/06/2025 05/06/2025

MC Athens Campus Library
Πατησίων 94 & Κοδριγκτώνος 13, 104 34
Πελλήνης 8 & Πατησίων 107, 112 51
Τ: +30 210 8899600

MC Thessaloniki Campus Library
Ίωνος Δραγούμη 21, 54625 | Ίωνος Δραγούμη 15, 54625
Τ: +30 2310 287779 – Τ: +30 2314 440300